Когерентное сложение мощности наносекундных релятивистских СВЧ-генераторов; Журнал технической физики; Т. 81, вып. 1

Xehetasun bibliografikoak
Parent link:Журнал технической физики/ Российская академия наук (РАН), Физико-технический институт им. А. Ф. Иоффе (ФТИ).— , 1931-
Т. 81, вып. 1.— 2011.— С. 125-130
Beste egile batzuk: Ельчанинов А. А. Антон Александрович, Климов А. И. Алексей Иванович, Ковальчук О. Б. Олег Борисович, Месяц Г. А. Геннадий Андреевич, Пегель И. В. Игорь Валериевич, Романченко И. В. Илья Викторович, Ростов В. В. Владислав Владимирович, Шарыпов К. А. Константин Анатольевич, Яландин М. И. Михаил Иванович
Hizkuntza:errusiera
Argitaratua: 2011
Gaiak:
Formatua: MixedMaterials Liburu kapitulua
KOHA link:https://koha.lib.tpu.ru/cgi-bin/koha/opac-detail.pl?biblionumber=456206

MARC

LEADER 00000naa2a2200000 4500
001 456206
005 20231101084545.0
035 |a (RuTPU)RU\TPU\prd\119417 
090 |a 456206 
100 |a 20110912a2011 k y0rusy50 ca 
101 0 |a rus 
102 |a RU 
200 1 |a Когерентное сложение мощности наносекундных релятивистских СВЧ-генераторов  |f А. А. Ельчанинов [и др.] 
320 |a Библиогр.: с. 130 (18 назв.) 
461 0 |0 (RuTPU)RU\TPU\prd\452  |t Журнал технической физики  |f Российская академия наук (РАН), Физико-технический институт им. А. Ф. Иоффе (ФТИ)  |d 1931- 
463 0 |0 (RuTPU)RU\TPU\prd\101368  |t Т. 81, вып. 1  |v С. 125-130  |d 2011 
610 1 |a труды учёных ТПУ 
701 1 |a Ельчанинов  |b А. А.  |g Антон Александрович 
701 1 |a Климов  |b А. И.  |c специалист в области электроники  |c доцент Томского политехнического университета, кандидат физико-математических наук  |f 1955-  |g Алексей Иванович  |2 stltpush  |3 (RuTPU)RU\TPU\pers\31691 
701 1 |a Ковальчук  |b О. Б.  |g Олег Борисович 
701 1 |a Месяц  |b Г. А.  |c российский физик  |c академик, вице-президент РАН  |c выпускник Томского политехнического института  |f 1936-  |g Геннадий Андреевич  |2 stltpush  |3 (RuTPU)RU\TPU\pers\17099  |4 070 
701 1 |a Пегель  |b И. В.  |c специалист в области автоматики и электроники  |c профессор Томского политехнического университета, доктор физико-математических наук  |f 1964-  |g Игорь Валериевич  |2 stltpush  |3 (RuTPU)RU\TPU\pers\29394 
701 1 |a Романченко  |b И. В.  |g Илья Викторович 
701 1 |a Ростов  |b В. В.  |g Владислав Владимирович 
701 1 |a Шарыпов  |b К. А.  |g Константин Анатольевич 
701 1 |a Яландин  |b М. И.  |g Михаил Иванович 
801 1 |a RU  |b 63413507  |c 20110912 
801 2 |a RU  |b 63413507  |c 20170328  |g RCR 
942 |c BK